Foundations of ecology : classic papers with commentaries

Αποθηκεύτηκε σε:
Λεπτομέρειες βιβλιογραφικής εγγραφής
Άλλοι συγγραφείς: Real, Leslie (Επιμελητής έκδοσης), Brown, James H. 1942 Sept. 25- (Επιμελητής έκδοσης)
Μορφή: Βιβλίο
Γλώσσα:English
Δημοσίευση: Chicago : University of Chicago Press, 1991
Θέματα:
Ετικέτες: Προσθήκη ετικέτας
Δεν υπάρχουν, Καταχωρήστε ετικέτα πρώτοι!

MARC

LEADER 00000nam a2200000 i 4500
001 1/25954
008 981214s1991 eng d
020 |a 0-226-70594-3 
035 |l 10037465 
040 |a GR-MY-UA  |b gre  |e aacr 
041 0 |a eng 
082 0 |a 574.5 
245 1 0 |a Foundations of ecology :  |b classic papers with commentaries /  |c Editors Leslie A. Real; James H. Brown 
260 |a Chicago :   |b University of Chicago Press,   |c 1991 
300 |a 905 p.  |b fig., tables 
504 |a Includes bibliographical references 
650 0 0 |a Ecology. 
700 1 |a Real, Leslie.  |4 edt 
700 1 |a Brown, James H.  |d 1942 Sept. 25-  |4 edt 
852 |a INST  |b LESVOS  |e 19981214  |h 574.5 FOU  |p 005100017783  |q 005100017783  |t BK  |y 0 
901 |a BIBL-1999-1 
909 |a Λ  |b 061103 
922 |a 1ΕΛΗ  |b 199811  |c ΚΠΣ/ΤΠ  |d ΠΑΠΑΣΩΤΗΡΙΟΥ 
950 |a 107-1998-07-17